<?xml version="1.0" encoding="UTF-8"?>
<record
    xmlns:xsi="http://www.w3.org/2001/XMLSchema-instance"
    xsi:schemaLocation="http://www.loc.gov/MARC21/slim http://www.loc.gov/standards/marcxml/schema/MARC21slim.xsd"
    xmlns="http://www.loc.gov/MARC21/slim">

  <leader>01042nam a22002537a 4500</leader>
  <datafield tag="999" ind1=" " ind2=" ">
    <subfield code="c">22454</subfield>
    <subfield code="d">22454</subfield>
  </datafield>
  <controlfield tag="003">AR-CdUCM</controlfield>
  <controlfield tag="008">190409b           ||||| |||| 00| 0 spa d</controlfield>
  <datafield tag="020" ind1=" " ind2=" ">
    <subfield code="a">9786124121197</subfield>
  </datafield>
  <datafield tag="040" ind1=" " ind2=" ">
    <subfield code="a">MUNICIPALIDAD PROVINCIAL DEL CUSCO</subfield>
    <subfield code="c">BIBLIOTECA MUNICIPAL DEL CUSCO</subfield>
  </datafield>
  <datafield tag="082" ind1=" " ind2=" ">
    <subfield code="a">985.019/B344</subfield>
    <subfield code="b">B344</subfield>
    <subfield code="2">segunda</subfield>
  </datafield>
  <datafield tag="100" ind1=" " ind2=" ">
    <subfield code="a">Bauer, Brian</subfield>
  </datafield>
  <datafield tag="245" ind1=" " ind2=" ">
    <subfield code="a">El espacio sagrado de los incas :</subfield>
    <subfield code="b">El sistema de ceques del Cuzco /</subfield>
    <subfield code="c">Brian S. Bauer</subfield>
  </datafield>
  <datafield tag="260" ind1=" " ind2=" ">
    <subfield code="a">Cusco :</subfield>
    <subfield code="b">Centro de Estudios Regionales Andinos Bartolom&#xE9; de las Casas,</subfield>
    <subfield code="c">2016.</subfield>
  </datafield>
  <datafield tag="300" ind1=" " ind2=" ">
    <subfield code="a">255 p&#xE1;ginas ;</subfield>
    <subfield code="b">Ilustraciones, mapas ;</subfield>
    <subfield code="c">29 cm.</subfield>
  </datafield>
  <datafield tag="440" ind1=" " ind2=" ">
    <subfield code="a">Archivos de Historia Andina</subfield>
    <subfield code="n">33</subfield>
    <subfield code="9">30463</subfield>
  </datafield>
  <datafield tag="505" ind1=" " ind2=" ">
    <subfield code="a">Contenido: El manuscrito original del sistema de ceques -- Huacas -- La organizaci&#xF3;n social del Cuzco y su sistema de ceques -- Las huacas y ceques del Chinchaysuyu ...</subfield>
  </datafield>
  <datafield tag="650" ind1=" " ind2=" ">
    <subfield code="a">Arqueolog&#xED;a</subfield>
    <subfield code="9">371</subfield>
  </datafield>
  <datafield tag="650" ind1=" " ind2=" ">
    <subfield code="a">&#xC9;poca Prehisp&#xE1;nica</subfield>
    <subfield code="9">2714</subfield>
  </datafield>
  <datafield tag="650" ind1=" " ind2=" ">
    <subfield code="a">Cosmovisi&#xF3;n andina</subfield>
    <subfield code="9">5217</subfield>
  </datafield>
  <datafield tag="650" ind1=" " ind2=" ">
    <subfield code="a">Incas</subfield>
    <subfield code="9">303</subfield>
  </datafield>
  <datafield tag="650" ind1=" " ind2=" ">
    <subfield code="a">Inkas</subfield>
    <subfield code="9">1899</subfield>
  </datafield>
  <datafield tag="942" ind1=" " ind2=" ">
    <subfield code="2">ddc</subfield>
    <subfield code="c">LIBROS</subfield>
  </datafield>
  <datafield tag="945" ind1=" " ind2=" ">
    <subfield code="a">rac</subfield>
  </datafield>
  <datafield tag="952" ind1=" " ind2=" ">
    <subfield code="0">0</subfield>
    <subfield code="2">ddc</subfield>
    <subfield code="4">0</subfield>
    <subfield code="7">0</subfield>
    <subfield code="a">SH</subfield>
    <subfield code="b">SH</subfield>
    <subfield code="c">CART</subfield>
    <subfield code="d">2022-08-25</subfield>
    <subfield code="e">Donaci&#xF3;n</subfield>
    <subfield code="g">80.00</subfield>
    <subfield code="o">985.019/B344</subfield>
    <subfield code="p">SH0000016351</subfield>
    <subfield code="r">2022-08-25</subfield>
    <subfield code="y">LIBROS</subfield>
  </datafield>
  <datafield tag="952" ind1=" " ind2=" ">
    <subfield code="0">0</subfield>
    <subfield code="2">ddc</subfield>
    <subfield code="4">0</subfield>
    <subfield code="7">0</subfield>
    <subfield code="a">SH</subfield>
    <subfield code="b">SH</subfield>
    <subfield code="c">CART</subfield>
    <subfield code="d">2022-08-25</subfield>
    <subfield code="e">Donaci&#xF3;n</subfield>
    <subfield code="g">80.00</subfield>
    <subfield code="o">985.019/B344/e.2</subfield>
    <subfield code="p">SH0000016352</subfield>
    <subfield code="r">2022-08-25</subfield>
    <subfield code="y">LIBROS</subfield>
  </datafield>
</record>
